| 000 | 00922cam a2200289 i 4500 | ||
|---|---|---|---|
| 001 | 123046 | ||
| 005 | 20230404125641.0 | ||
| 008 | 160830s2009 mx r 000 0 spa d | ||
| 020 | _a9781921438547 | ||
| 020 | _a1921438541 | ||
| 041 | 0 | _aspa | |
| 050 | 1 | 4 | _aCD F |
| 100 | 1 |
_aCastro, Fidel. _d1926- |
|
| 245 | 1 | 3 |
_aLa revolución y la contrarrevolución en el Chile de Allende / _cFidel Castro. |
| 260 |
_aMéxico, D.F. : _bOcean Sur, _c2009 |
||
| 300 |
_a37 p. ; _c22 cm. |
||
| 440 | 0 | _aColección Fidel Castro. | |
| 500 | _aSpeech given by Fidel Castro on December 2, 1971 at the Estadio Nacional, Santiago, Chile. | ||
| 600 | 1 | 0 |
_aAllende, Salvador. _d1908-1973 |
| 651 | 0 |
_aChile _xPolitics and government _y1970-1973. |
|
| 650 | 0 |
_aSocialism _zChile. |
|
| 610 | 2 | 0 | _aUnidad Popular. |
| 651 | 4 |
_aChile _xPolítica y gobierno _y1970-1973. |
|
| 650 | 4 |
_aSocialismo _zChile. |
|
| 942 |
_2lcc _ccd |
||
| 946 | _aJaaM | ||
| 999 |
_c1871 _d1871 |
||